[Event "GER-chT U10"]
[Site "Magdeburg"]
[Date "2014.12.28"]
[Round "4.2"]
[White "Landgraf, Arthur"]
[Black "Seibt, Bruno"]
[Result "0-1"]
[WhiteElo "797"]
[BlackElo "862"]
[PlyCount "68"]
[EventDate "2014.12.27"]
[EventType "team-swiss"]
[EventRounds "7"]
[EventCountry "GER"]
[SourceTitle "EXT 2016"]
[Source "ChessBase"]
[SourceDate "2015.10.08"]
[SourceVersion "1"]
[SourceVersionDate "2015.10.08"]
[SourceQuality "1"]
[WhiteTeam "Berlin Schachunion II"]
[BlackTeam "Oberland"]
[WhiteTeamCountry "GER"]
[BlackTeamCountry "GER"]

1. e4 e5 2. Nf3 Nc6 3. d4 d6 4. Bc4 Nf6 5. Ng5 d5 6. exd5 b5 7. Bxb5 Qxd5 8. Nc3 Qxg2 9. Rf1 Bd7 10. Be3 exd4 11. Bxd4 Qxg5 12. Be3 Qe5 13. f4 Qxe3+ 14. Qe2 Bc5 15. Rd1 0-0 16. Rd3 Qxe2+ 17. Nxe2 Rab8 18. Nc3 Rfe8+ 19. Kd1 Nb4 20. Bxd7 Nxd3 21. Bxe8 Nxb2+ 22. Kc1 Nxe8 23. Re1 Nc4 24. Na4 Be3+ 25. Kd1 Bxf4 26. Nc3 Bd2 27. Re4 Ned6 28. Rd4 Bxc3 29. Rf4 Re8 30. Rf1 Nf5 31. Rg1 Nd4 32. h4 Rb8 33. Rxg7+ Kxg7 34. h5 Rb1# 0-1